| 000 | 00485nam a2200181Ia 4500 | ||
|---|---|---|---|
| 008 | 090630s9999 xx 000 0 und d | ||
| 082 | _b1179 | ||
| 100 | _a--- | ||
| 245 |
_aदास्ता के नये रुप. _c--- |
||
| 260 |
_b--- _c1969 |
||
| 300 | _a328 | ||
| 600 | _a--- | ||
| 630 | _aदास्ता के नये रुप. | ||
| 655 | _aहिंदी. | ||
| 700 | _a--- | ||
| 730 | _aदास्ता के नये रुप. | ||
| 942 | _cBOOK | ||
| 999 |
_c253035 _d253035 |
||